Já a moje peníze

Guardado en:
Detalles Bibliográficos
Autor principal: Kovanda, Karel
Formato: Libro
Lenguaje:checo
Publicado: Praha Lidové noviny 1992
Edición:1. vyd.
Colección:Knihovna lidových novin Sv.12
Materias:
Etiquetas: Agregar Etiqueta
Sin Etiquetas, Sea el primero en etiquetar este registro!

MARC

LEADER 00000nam a2200000 4500
001 c001726
005 20221214085753.6
020 |a 80-7106-049-6 
041 0 |a cze 
044 |a CZ 
245 1 0 |a Já a moje peníze  |c Karel Kovanda 
250 |a 1. vyd. 
264 1 |a Praha  |b Lidové noviny  |c 1992 
300 |a 105 s. 
490 1 |a Knihovna lidových novin  |v Sv.12 
830 0 |a Knihovna lidových novin  |v Sv.12 
610 2 0 |a sporenie obyvateľstva 
610 2 0 |a sporožíro 
610 2 0 |a vklady 
610 2 0 |a úrok 
610 2 0 |a obligácie 
610 2 0 |a nehnuteľnosti 
610 2 0 |a privatizácia 
610 2 0 |a ČSFR 
610 2 0 |a manažment 
610 2 0 |a ochrana spotrebiteľa 
610 2 0 |a štýl životný 
610 2 0 |a peniaze 
100 1 |a Kovanda, Karel